Devinettes - Série 05 - Statistiques

Statistiques générales
  • Ce quiz a été pris 262 fois
  • Le résultat moyen est 6 sur 10
Statistiques - réponses
Définition Indice Solution % Correct
Mr et Mme Versaire ont une fille. Comment s’appelle t'elle. 5A Annie
94%
Monsieur et Madame TRANSENE ont un fils, quel est son prénom ? 4J Jean
89%
Monsieur et madame Orak ont une fille, comment s'appelle t-elle ? 4A Anne
86%
Monsieur et Madame Célere on un fils, comment s'appelle t-il? 4J Jack
73%
Monsieur et madame Croche on une fille, comment s' appelle-t-elle ? 5S Sarah
73%
Monsieur et madame Célère ont un fils, comment s' appelle t-il ? 7J Jacques
68%
Mr et Madame Cament ont un garçon, comment s'appelle t'il ? 5M Mehdi
60%
Monsieur et madame Outan ont un fils. Comment s'appelle-t-il ? 7l Laurent
51%
Mr et Mme Lairbon ont un fils, comment s'appelle-t-il ? 7O Oussama
25%
Monsieur et madame Tartine ont une fille, comment l'appellent-ils ? K9 Kimberley
18%
Aucun quiz correspondant
Distribution des résultats
% des personnes avec chaque résultat
Percentile par nombre de réponses
Votre historique - résultats
Vous n’avez pas pris ce quiz